| 000 | 01018cam a2200289 a 4500 | ||
|---|---|---|---|
| 999 |
_c23477 _d23477 |
||
| 001 | 3091774 | ||
| 005 | 20170126114231.0 | ||
| 008 | 980601s1998 nyu 000 1 eng | ||
| 010 | _a 98086217 | ||
| 020 | _a0966528166 (hardcover : acidfree paper) | ||
| 040 |
_aDLC _cDLC _dDLC |
||
| 050 | 0 | 0 |
_aPS3569 _b.T33629M34 1998 |
| 100 | 1 | _aStarry, Ace. | |
| 245 | 1 | 4 |
_aThe magic life : _ba novel philosophy / _cAce Starry. |
| 260 |
_aYonkers, NY : _bRare Bird Press, _cc1998. |
||
| 300 |
_a250 p. : _c24 cm. |
||
| 650 | 0 |
_aMagicians _xFiction. |
|
| 655 | 7 |
_aAutobiographical fiction. _2gsafd |
|
| 655 | 7 |
_aDidactic fiction. _2gsafd |
|
| 942 |
_2lcc _cBOOKS _hPS3569 .T33629M34 1998 |
||